<?xml version="1.0" encoding="UTF-8"?>
<record
    xmlns:xsi="http://www.w3.org/2001/XMLSchema-instance"
    xsi:schemaLocation="http://www.loc.gov/MARC21/slim http://www.loc.gov/standards/marcxml/schema/MARC21slim.xsd"
    xmlns="http://www.loc.gov/MARC21/slim">

  <leader>03329nam a2200541Ia 4500</leader>
  <controlfield tag="001">3894</controlfield>
  <controlfield tag="008">241029s9999    xx            000 0 und d</controlfield>
  <datafield tag="010" ind1=" " ind2=" ">
    <subfield code="a">3654</subfield>
  </datafield>
  <datafield tag="041" ind1=" " ind2=" ">
    <subfield code="a">Espa&#xF1;ol</subfield>
  </datafield>
  <datafield tag="082" ind1=" " ind2=" ">
    <subfield code="a">ST MA-TE 0002, FH 2011</subfield>
  </datafield>
  <datafield tag="245" ind1=" " ind2="0">
    <subfield code="a">Uso de los TICs aplicada a la ense&#xF1;anza del ingl&#xE9;s en el Nivel B&#xE1;sico en la Escuela Rep&#xFA;blica de Per&#xFA;, durante el a&#xF1;o escolar 2010-2011</subfield>
  </datafield>
  <datafield tag="260" ind1=" " ind2=" ">
    <subfield code="a">Santo Domingo</subfield>
  </datafield>
  <datafield tag="300" ind1=" " ind2=" ">
    <subfield code="a">57</subfield>
  </datafield>
  <datafield tag="520" ind1=" " ind2=" ">
    <subfield code="a">35</subfield>
  </datafield>
  <datafield tag="630" ind1=" " ind2=" ">
    <subfield code="a">Ense&#xF1;anza</subfield>
  </datafield>
  <datafield tag="630" ind1=" " ind2=" ">
    <subfield code="a">Tecnolog&#xED;a de la Informaci&#xF3;n y Comunicaci&#xF3;n (TICs)</subfield>
  </datafield>
  <datafield tag="650" ind1=" " ind2=" ">
    <subfield code="a">Tecnolog&#xED;a Educativa</subfield>
  </datafield>
  <datafield tag="690" ind1=" " ind2=" ">
    <subfield code="a">Elaborado</subfield>
  </datafield>
  <datafield tag="700" ind1=" " ind2=" ">
    <subfield code="e">asesor</subfield>
    <subfield code="a">Byas, Roberto</subfield>
  </datafield>
  <datafield tag="700" ind1=" " ind2=" ">
    <subfield code="e">autor</subfield>
    <subfield code="a">Brioso Tavera, Josefina</subfield>
  </datafield>
  <datafield tag="700" ind1=" " ind2=" ">
    <subfield code="e">autor</subfield>
    <subfield code="a">B&#xE1;ez Tejeda, Licet M</subfield>
  </datafield>
  <datafield tag="901" ind1=" " ind2=" ">
    <subfield code="a">{"1":"Brioso Tavera","2":"B&#xE1;ez Tejeda"}</subfield>
    <subfield code="b">{"1":"Josefina","2":"Licet M"}</subfield>
  </datafield>
  <datafield tag="902" ind1=" " ind2=" ">
    <subfield code="a">1</subfield>
  </datafield>
  <datafield tag="903" ind1=" " ind2=" ">
    <subfield code="a">{"1":"Byas"}</subfield>
    <subfield code="b">{"1":"Roberto"}</subfield>
  </datafield>
  <datafield tag="904" ind1=" " ind2=" ">
    <subfield code="a">Maestr&#xED;a en</subfield>
  </datafield>
  <datafield tag="905" ind1=" " ind2=" ">
    <subfield code="a">Tecnolog&#xED;a Educativa</subfield>
  </datafield>
  <datafield tag="906" ind1=" " ind2=" ">
    <subfield code="a">2</subfield>
  </datafield>
  <datafield tag="907" ind1=" " ind2=" ">
    <subfield code="a">NO APLICA</subfield>
  </datafield>
  <datafield tag="908" ind1=" " ind2=" ">
    <subfield code="a">NO APLICA</subfield>
  </datafield>
  <datafield tag="909" ind1=" " ind2=" ">
    <subfield code="a">Universidad Aut&#xF3;noma de Santo Domingo (UASD)</subfield>
  </datafield>
  <datafield tag="910" ind1=" " ind2=" ">
    <subfield code="a">NULL</subfield>
    <subfield code="b">NULL</subfield>
  </datafield>
  <datafield tag="911" ind1=" " ind2=" ">
    <subfield code="a">["1"]</subfield>
  </datafield>
  <datafield tag="912" ind1=" " ind2=" ">
    <subfield code="a">NO APLICA</subfield>
  </datafield>
  <datafield tag="913" ind1=" " ind2=" ">
    <subfield code="a">NULL</subfield>
  </datafield>
  <datafield tag="914" ind1=" " ind2=" ">
    <subfield code="a">10 de Enero de 2011</subfield>
  </datafield>
  <datafield tag="915" ind1=" " ind2=" ">
    <subfield code="a">17/09/14 10:09</subfield>
  </datafield>
  <datafield tag="916" ind1=" " ind2=" ">
    <subfield code="a">NULL</subfield>
  </datafield>
  <datafield tag="917" ind1=" " ind2=" ">
    <subfield code="a">NULL</subfield>
  </datafield>
  <datafield tag="918" ind1=" " ind2=" ">
    <subfield code="a">NO APLICA</subfield>
  </datafield>
  <datafield tag="919" ind1=" " ind2=" ">
    <subfield code="a">["202","296"]</subfield>
  </datafield>
  <datafield tag="520" ind1=" " ind2=" ">
    <subfield code="a">Los objetivos principales de esta investigaci&#xF3;n fueron determinar el nivel de integraci&#xF3;n de las TICs en el proceso de ense&#xF1;anza del Ingl&#xE9;s, en el nivel b&#xE1;sico de la Escuela Rep&#xFA;blica de Per&#xFA;, en el A&#xF1;o 2010-2011; verificar el nivel de capacitaci&#xF3;n que poseen los docentes sobre el uso de las TICs; determinar con que frecuencia participan los docentes en cursos de capacitaci&#xF3;n y actualizaci&#xF3;n, relativo a las TICs.La metodolog&#xED;a utilizada correspondi&#xF3; a una investigaci&#xF3;n de car&#xE1;cter exploratoria, adem&#xE1;s es descriptiva. Los m&#xE9;todos fueron el inductivo y deductivo simult&#xE1;neamente, adem&#xE1;s se aplicaron los m&#xE9;todos sint&#xE9;tico y anal&#xED;tico, sin dejar de lado el m&#xE9;todo comparativo. Las t&#xE9;cnicas que se utilizaron fueron la recopilaci&#xF3;n documental, la observaci&#xF3;n, la entrevista y el cuestionario.La poblaci&#xF3;n estuvo constituida por los 16 profesores que imparten docencia en la Escuela Primaria Rep&#xFA;blica del Per&#xFA; en el nivel b&#xE1;sico.Entre las conclusiones a que lleg&#xF3; el estudio estuvieron que es necesario reducir la cantidad de docentes que no tienen el nivel de capacitaci&#xF3;n dados los est&#xE1;ndares internacionales del sistema educativo mundial, en una educaci&#xF3;n de calidad; que existen grandes dificultades para los docentes participar frecuentemente en cursos de capacitaci&#xF3;n debido a la falta de motivaci&#xF3;n y recursos que ofrece el estado al Ministerio de Educaci&#xF3;n entre otras limitantes.Entre las recomendaciones que plante&#xF3; el estudio est&#xE1;n implementar programas de cuarto nivel, que permitan a los docentes adquirir los niveles de maestr&#xED;a en la escuela b&#xE1;sica Rep&#xFA;blica de Per&#xFA;, adem&#xE1;s desarrollar un plan tendente a capacitar y actualizar a los profesores, en las &#xE1;reas tecnol&#xF3;gicas aplicadas a las labores docentes, especificando la ense&#xF1;anza del Ingl&#xE9;s en la Escuela B&#xE1;sica Rep&#xFA;blica de Per&#xFA;.</subfield>
  </datafield>
  <datafield tag="921" ind1=" " ind2=" ">
    <subfield code="a">16</subfield>
  </datafield>
  <datafield tag="922" ind1=" " ind2=" ">
    <subfield code="a">16</subfield>
  </datafield>
  <datafield tag="923" ind1=" " ind2=" ">
    <subfield code="a">0</subfield>
  </datafield>
  <datafield tag="924" ind1=" " ind2=" ">
    <subfield code="a">NO APLICA</subfield>
  </datafield>
  <datafield tag="942" ind1=" " ind2=" ">
    <subfield code="c">Tesis</subfield>
  </datafield>
  <datafield tag="999" ind1=" " ind2=" ">
    <subfield code="c">3654</subfield>
    <subfield code="d">3654</subfield>
  </datafield>
</record>
